00617nam a2200181Ia 4500008004100000041000800041082001500049100002300064245002900087260001700116300002700133365001600160500001000176700002300186906003600209999001900245952017100264230718s9999 xx 000 0 und d aeng a004.2bSPE aSpector R.9123400 aAmazon. Com Get Big Fast c2000bRandom a253dRef 706 C (11606) cRs.b721.00 a706 C aSpector R.9123400 dB:481607-Jul-2000cCOMPb108.15 c300400d300400 00102ddc3Ref 706 C (11606)4073aCCEPbCCEPd2000-07-17eTbsfCOMPg612.85i4816o004.2pCCEP-BK-11606r2023-07-18 00:00:00t108.15v721.00w2000-07-07yBKz011606